00541nam a2200133Ia 4500008004100000020002200041100001900063245008100082260004200163300002200205500004100227650008100268650005800349200110s9999 xx 000 0 und d a9.7818635007e+012 aMacnamara, Jim cJim Macnamara.--aThe public relations handbook for clubs and associations / aMelbourne : bBusiness Library,c1991 a225 pagesc21 cm. aIncludes bibliography and glossary.  aPublic relations -- Australia -- Associations, institutions, etc. Australia. aPublic relations -- Australia -- Societies and clubs.